| 000 | 01503nam0a2200409 4500 | ||
|---|---|---|---|
| 001 | RU\NLR\bibl\106916 | ||
| 005 | 20250617090126.0 | ||
| 010 |
_a5-88816-028-8 _955000 |
||
| 020 |
_aRU _b98-31718 _9Книжная летопись |
||
| 021 |
_aRU _b98-22138 _91043 |
||
| 035 | _a(NLR Aleph) 000104635 | ||
| 090 |
_a592015 _c592015 |
||
| 100 | _a20000410d1998 |||y0rusy50 ca | ||
| 101 | 0 | _arus | |
| 102 | _aRU | ||
| 105 | _ay ||||||||| | ||
| 200 | 1 |
_aЭтика и деонтология в хирургии _fМ. Р. Рокицкий |
|
| 210 |
_aМ. _cГЭОТАР медицина _d1998 |
||
| 215 |
_a31 с. _d22 |
||
| 320 | _aБиблиогр.: с. 30 (12 назв.) | ||
| 606 | 0 |
_aВрачебная этика в хирургии _91347742 _3RU\NLR\auth\66247664 |
|
| 606 | 0 |
_aХирурги _xВрачебная этика _92175982 _3RU\NLR\auth\661308730 |
|
| 606 | 0 |
_aДеонтология в хирургии _9978047 _3RU\NLR\auth\66367868 |
|
| 606 | 0 |
_aХирургия _xДеонтология _92175984 _3RU\NLR\auth\661308731 |
|
| 610 | 0 | _aХирургия | |
| 610 | 0 | _aДеонтология медицинская | |
| 675 |
_a614.253+617 _v3 _zrus |
||
| 686 |
_a76.75 _2rugasnti |
||
| 686 |
_a51.1 _2rubbk |
||
| 686 | _aР11(2)284.5п913 | ||
| 700 | 1 |
_aРокицкий _gМихаил Рафаилович _4070 |
|
| 801 | 0 |
_aRU _bRKP _c20000410 _gPSBO |
|
| 801 | 1 |
_aRU _bRKP _c20000907 _gPSBO |
|
| 852 |
_aNLR _j98-4/10379 |
||
| 942 | _cBOOK | ||
| 980 | _aNB | ||